Statystyki dla Quiz na literę A

Kliknij tutaj aby rozwiązać quiz!

Ogólne statystyki

  • Ten quiz został rozwiązany 88 razy
  • Średni wynik to 14 z 15

Statystyki odpowiedzi

PytanieOdpowiedź% Poprawnych
Np. zgonuakt
100%
Gra rolę w filmie lub
teatrze
aktor
100%
Mieszkanie ryb
( W np. domu)
akwarium
100%
Inaczej karetkaambulans
99%
Kraj z WiedniemAustria
99%
Stanisław...
Poniatowski
August
98%
Napój przez który można
wpaść w nałóg
alkohol
96%
Najzimniejszy
kontynent
Antarktyda
95%
Kain i...Abel
94%
Tam jest TajlandiaAzja
94%
Zielony owoc z pestką
w środku
awokado
89%
Imię NoblaAlfred
84%
Klub z Londynu
z armatą w herbie
Arsenal
84%
Głośne oklaskiaplauz
81%
Np. z przekąskami w
szkole
automat
63%

Rozkład punktacji

Percentyl według liczby udzielonych odpowiedzi

Procent ludzi z każdym wynikiem

Twoja historia wyników

Nie rozwiązałeś tego quizu